[Event "Avoine op 27th"]
[Site "Avoine"]
[Date "2012.07.22"]
[Round "2"]
[White "Wojtkowski, Frederic"]
[Black "Naudion, Gregoire"]
[Result "0-1"]
[WhiteElo "1963"]
[BlackElo "2175"]
[PlyCount "64"]
[EventDate "2012.07.21"]
[EventType "swiss"]
[EventRounds "9"]
[EventCountry "FRA"]
[SourceTitle "CBM 149 Extra"]
[Source "ChessBase"]
[SourceDate "2012.08.24"]
[SourceVersion "1"]
[SourceVersionDate "2012.08.24"]
[SourceQuality "1"]

1. d4 g6 2. Bg5 Bg7 3. e3 c5 4. c3 Qb6 5. Qb3 Qc7 6. Bc4 e6 7. d5 Nf6 8. Bf4 e5 9. d6 Qxd6 10. Bxf7+ Kf8 11. Bg5 Nc6 12. a4 Na5 13. Qa2 b6 14. Nd2 Bb7 15. Ngf3 e4 16. Nh4 Qc7 17. Bf4 d6 18. Be6 Qe7 19. 0-0 Re8 20. Bc4 Nh5 21. g3 Nxf4 22. exf4 Nxc4 23. Qxc4 d5 24. Qb5 Bf6 25. Ng2 d4 26. cxd4 cxd4 27. Rfe1 e3 28. fxe3 dxe3 29. Nxe3 Bd4 30. Ndf1 Qe4 31. Qb4+ Kg7 32. Re2 Bxe3+ 0-1

[Event "Avoine op 26th"]
[Site "Avoine"]
[Date "2011.07.23"]
[Round "1"]
[White "Oei, Hway Ik"]
[Black "Wojtkowski, Frederic"]
[Result "0-1"]
[WhiteElo "2122"]
[BlackElo "1945"]
[PlyCount "82"]
[EventDate "2011.07.23"]
[EventType "swiss"]
[EventRounds "9"]
[EventCountry "FRA"]
[SourceTitle "EXT 2012"]
[Source "ChessBase"]
[SourceDate "2011.11.24"]
[SourceVersion "1"]
[SourceVersionDate "2011.11.24"]
[SourceQuality "1"]

1. d4 d5 2. c4 e6 3. Nc3 Nf6 4. Bg5 Be7 5. e3 0-0 6. Qc2 c6 7. Nf3 Nbd7 8. Rc1 Re8 9. Bd3 dxc4 10. Bxc4 Qa5 11. 0-0 b5 12. Bd3 h6 13. Bf4 Bb7 14. a3 b4 15. axb4 Qxb4 16. Bc7 Bd8 17. Na2 Qe7 18. Bg3 a5 19. Qe2 Bb6 20. Rfd1 Rec8 21. Nd2 c5 22. Nc4 Bc7 23. Bh4 g5 24. Bg3 Bxg3 25. hxg3 cxd4 26. exd4 Bd5 27. Nc3 Bxc4 28. Bxc4 Qb4 29. Ba2 Rab8 30. Rd2 a4 31. Re1 a3 32. Nd1 Rc1 33. bxa3 Qxa3 34. Kf1 Ra1 35. Rc2 Ra8 36. Bc4 Qd6 37. Qe3 R8a3 38. Rc3 Ng4 39. Qf3 Nh2+ 40. Kg1 Nxf3+ 41. gxf3 Rxc3 0-1

[Event "FRA-ch U14"]
[Site "Le Grand Bornand"]
[Date "2003.??.??"]
[Round "1.10"]
[White "Wojtkowski, Frederic"]
[Black "Vernay, Clovis"]
[Result "0-1"]
[WhiteElo "1730"]
[BlackElo "2067"]
[PlyCount "80"]
[EventDate "2003.??.??"]
[EventType "swiss"]
[EventRounds "9"]
[EventCountry "FRA"]
[SourceTitle "EXT 2004"]
[Source "ChessBase"]
[SourceDate "2003.11.25"]
[SourceVersion "1"]
[SourceVersionDate "2003.11.25"]
[SourceQuality "1"]

1. e4 e6 2. d4 d5 3. exd5 exd5 4. Bf4 Nf6 5. Bd3 Nc6 6. c3 Bd6 7. Bxd6 Qxd6 8. Qe2+ Be6 9. Nf3 0-0 10. 0-0 Rae8 11. Qc2 Ne4 12. Nbd2 f5 13. Rfe1 Bd7 14. Nb3 Re6 15. Nfd2 Rh6 16. h3 Rg6 17. Nf1 f4 18. f3 Bxh3 19. Re2 Ng3 20. Nxg3 Rxg3 21. Bxh7+ Kh8 22. Kf1 Qh6 23. Ke1 Qxh7 24. Qxh7+ Kxh7 25. gxh3 Rxf3 26. Rh2 Re8+ 27. Kd2 Ree3 28. h4 Rh3 29. Rxh3 Rxh3 30. Nc5 Rxh4 31. Ne6 Rg4 32. Rf1 g5 33. Nxc7 Rg2+ 34. Kc1 Ne7 35. Re1 Nf5 36. Nxd5 f3 37. Nf6+ Kg6 38. Ne4 g4 39. d5 f2 40. Rf1 Rg1 0-1